Indovina le marche di automobili - Statistics

Statistiche generali
  • Questo quiz è stato fatto 263 volte
  • Il punteggio medio è 7 su 8
Statistiche sulle risposte
con Immagini Risposta % Corretto
Mercedes
98%
Toyota
97%
Citroen
93%
Opel
93%
Lamborghini
92%
Seat
86%
Mazda
82%
Alpine
62%
Nessun quiz corrispondente trovato
Distribuzione punteggi
Percentuale di utenti per punteggio
Percentile per numero di risposta
I tuoi punteggi nel tempo
Non hai fatto questo quiz